000 00637cam a2200229 4500
001 J60664
008 000000n1999 000 0 eng u
035 _a(Sirsi) u104066
050 _a333.337
110 _aGVA Grimley
_93646
245 _aSurvey of property trends. - Winter 1999/2000 and Summer 2000
260 _aLondon
_bGVA Grimley
_c1999
300 _a2pts. ; 30cm.
650 _aCOMPANIES
650 _aOCCUPIERS REQUIREMENTS
650 _aPROPERTY ASSETS
650 _aPROPERTY CONFIDENCE
650 _aPROPERTY HOLDINGS
650 _aPROPERTY REQUIREMENTS
690 _aPROPERTY-COMMERCIAL PROPERTY
942 _n0
999 _c100211
_d100211